000 00678nam a2200253Ia 4500
001 32285
005 20240114001600.0
007 ta
008 060823s1847 a g b000 u asm u
040 _aCotton College,Assam
041 _aasm
082 _a294.5
_bK 527 O
100 _aKhownd, Gunakanta Sharma .
245 0 _aOm Parthana /
_cGunakanta Sharma Khownd.
_hTextual Documents
250 _a1st ed. /
260 _aJorhat :
_bAchyut Chandra Dev Goswami ,
_c1847.
300 _a73p. :
_bill ;
_c18cm .
653 _aReligious Songs
653 _aSongs-Religion
653 _aG-Religion
942 _2ddc
_cBK
999 _c32267
_d32267